[Event "Regionalliga Sued-West 1819"]
[Site "Bayern"]
[Date "2019.04.07"]
[Round "9.7"]
[White "Hamkar, Mehran"]
[Black "Zellweger, Wilfried"]
[Result "1/2-1/2"]
[WhiteElo "1815"]
[BlackElo "1888"]
[PlyCount "45"]
[EventDate "2018.10.21"]
[EventType "team-tourn"]
[EventRounds "9"]
[EventCountry "GER"]
[SourceTitle "EXT 2022"]
[Source "ChessBase"]
[SourceDate "2021.10.06"]
[SourceVersion "1"]
[SourceVersionDate "2021.10.06"]
[SourceQuality "1"]
[WhiteTeam "Augsburg SF"]
[BlackTeam "Tuerkheim/Bad Woerishofen"]
[WhiteTeamCountry "GER"]
[BlackTeamCountry "GER"]

1. e4 d5 2. exd5 Nf6 3. Nc3 Nxd5 4. Bc4 c6 5. Qf3 e6 6. Qg3 Qd6 7. Nf3 Qxg3 8. hxg3 Be7 9. d4 Nd7 10. Ne4 N7f6 11. Nxf6+ Nxf6 12. Ne5 b5 13. Bd3 Bb7 14. c3 a6 15. Be3 Nd7 16. Be4 Nxe5 17. dxe5 0-0-0 18. Bb6 Rd7 19. b4 c5 20. Bxb7+ Kxb7 21. bxc5 Kc6 22. Ke2 Bxc5 23. Ba5 1/2-1/2

[Event "Bayernliga U20 1819"]
[Site "Bayern"]
[Date "2019.01.26"]
[Round "4.5"]
[White "Hammerl, Jonas"]
[Black "Hamkar, Mehran"]
[Result "0-1"]
[WhiteElo "1914"]
[BlackElo "1815"]
[PlyCount "136"]
[EventDate "2018.11.17"]
[EventType "team-tourn"]
[EventRounds "6"]
[EventCountry "GER"]
[SourceTitle "EXT 2022"]
[Source "ChessBase"]
[SourceDate "2021.10.06"]
[SourceVersion "1"]
[SourceVersionDate "2021.10.06"]
[SourceQuality "1"]
[WhiteTeam "Ergolding FC U20"]
[BlackTeam "Augsburg SF U20"]
[WhiteTeamCountry "GER"]
[BlackTeamCountry "GER"]

1. d4 Nf6 2. c4 e6 3. Nc3 Bb4 4. Qc2 c5 5. dxc5 Na6 6. a3 Bxc3+ 7. Qxc3 Nxc5 8. b4 Nce4 9. Qc2 Nxf2 10. Kxf2 Ng4+ 11. Ke1 Qf6 12. Bb2 Qf2+ 13. Kd2 Qf4+ 14. Kc3 Nf2 15. Kb3 Qe3+ 16. Qc3 Qxc3+ 17. Bxc3 Nxh1 18. Be1 d5 19. g3 dxc4+ 20. Kxc4 Bd7 21. Bg2 Rc8+ 22. Kb3 Bc6 23. Nf3 Bd5+ 24. Kb2 Nxg3 25. hxg3 Ke7 26. Bc3 f6 27. Bf1 e5 28. Nd2 Rhd8 29. e4 Be6 30. Be2 Rc7 31. Nb3 b6 32. Nd2 h6 33. Nf1 Kf7 34. Ne3 Rdd7 35. Rd1 Rxd1 36. Bxd1 Rd7 37. Be2 Kg6 38. Kc2 Rd8 39. g4 Kg5 40. Bd2 Kg6 41. Kc3 Rc8+ 42. Kb2 Rd8 43. Kc1 Kf7 44. Nc2 Bb3 45. Ne3 Rd4 46. Nf5 Rd7 47. Bb5 Rc7+ 48. Kb2 Bd1 49. Ne3 Bf3 50. Bc4+ Kg6 51. Bd5 h5 52. gxh5+ Kxh5 53. Be1 Kg5 54. Bg3 Rc8 55. b5 Rc5 56. Bc6 a6 57. a4 axb5 58. axb5 Be2 59. Kb3 Bxb5 60. Bd5 Bd3 61. Nc4 b5 62. Nd6 Rc1 63. Bf2 Rf1 64. Bc5 Re1 65. Kb4 Kf4 66. Nxb5 Rb1+ 67. Kc3 Bxb5 68. Bf7 g5 0-1

[Event "GER-chT U16"]
[Site "Walldorf"]
[Date "2017.12.29"]
[Round "6.3"]
[White "Hamkar, Mehran"]
[Black "Fidlin, Simon"]
[Result "1-0"]
[WhiteElo "1673"]
[BlackElo "1841"]
[PlyCount "103"]
[EventDate "2017.12.26"]
[EventType "team-swiss"]
[EventRounds "7"]
[EventCountry "GER"]
[SourceTitle "CBM 182 Extra"]
[Source "ChessBase"]
[SourceDate "2018.02.23"]
[SourceVersion "1"]
[SourceVersionDate "2018.02.23"]
[SourceQuality "1"]
[WhiteTeam "Augsburg"]
[BlackTeam "Karlsruhe SF"]
[WhiteTeamCountry "GER"]
[BlackTeamCountry "GER"]

1. e4 c5 2. Nc3 Nc6 3. g3 g6 4. d3 Bg7 5. Be3 d6 6. Qd2 Nd4 7. Nd1 Bg4 8. Bg2 Nf6 9. f3 Bd7 10. c3 Nc6 11. Bh6 0-0 12. h4 Ne5 13. Bxg7 Kxg7 14. Nf2 Rb8 15. g4 b5 16. h5 Rh8 17. Ne2 e6 18. h6+ Kf8 19. g5 Ne8 20. f4 Nc6 21. Ng3 b4 22. 0-0 bxc3 23. bxc3 e5 24. f5 Kg8 25. Ng4 a5 26. Rf2 Qe7 27. Raf1 Nd8 28. Qe3 Bb5 29. fxg6 hxg6 30. Nf6+ Nxf6 31. Rxf6 Bd7 32. R1f2 Be6 33. d4 cxd4 34. cxd4 Rh7 35. d5 Bd7 36. Qf3 Be8 37. Nf1 Rb1 38. Kh2 Nb7 39. Ne3 Nc5 40. Bh3 Nd3 41. Nf5 gxf5 42. Qxd3 Qa7 43. Rg2 Rb4 44. Bxf5 Rh8 45. h7+ Kf8 46. Qh3 Ke7 47. Qh6 Qe3 48. Rxf7+ Bxf7 49. Qf6+ Ke8 50. Qxh8+ Ke7 51. Qf6+ Kf8 52. h8R# 1-0

[Event "Bayernliga U20 1617"]
[Site "Bayern"]
[Date "2016.12.10"]
[Round "2.3"]
[White "Hamkar, Mehran"]
[Black "Joebges, Nico"]
[Result "1/2-1/2"]
[WhiteElo "1648"]
[BlackElo "1797"]
[PlyCount "43"]
[EventDate "2016.11.12"]
[EventType "team-tourn"]
[EventRounds "7"]
[EventCountry "GER"]
[SourceTitle "EXT 2022"]
[Source "ChessBase"]
[SourceDate "2021.10.06"]
[SourceVersion "1"]
[SourceVersionDate "2021.10.06"]
[SourceQuality "1"]
[WhiteTeam "Augsburg SF U20"]
[BlackTeam "Muenchen Tarrasch U20"]
[WhiteTeamCountry "GER"]
[BlackTeamCountry "GER"]

1. e4 c5 2. Nc3 Nc6 3. d3 e6 4. g3 Nf6 5. Bg2 Be7 6. f4 d5 7. Bd2 0-0 8. Nf3 dxe4 9. dxe4 Nd4 10. 0-0 Nxf3+ 11. Bxf3 Qd4+ 12. Kh1 Rd8 13. Be1 Qxd1 14. Rxd1 Rxd1 15. Nxd1 Rb8 16. Ne3 b6 17. e5 Ne8 18. c4 Bb7 19. Bxb7 Rxb7 20. Bc3 Rd7 21. Rd1 Rxd1+ 22. Nxd1 1/2-1/2

[Event "Landesliga U20 Nord 1516"]
[Site "Bayern"]
[Date "2015.12.19"]
[Round "2.3"]
[White "Hamkar, Mehran"]
[Black "Roth, Jakob"]
[Result "0-1"]
[WhiteElo "1541"]
[BlackElo "1829"]
[PlyCount "108"]
[EventDate "2015.11.21"]
[EventType "team-tourn"]
[EventRounds "7"]
[EventCountry "GER"]
[SourceTitle "EXT 2022"]
[Source "ChessBase"]
[SourceDate "2021.10.06"]
[SourceVersion "1"]
[SourceVersionDate "2021.10.06"]
[SourceQuality "1"]
[WhiteTeam "Augsburg SF U20"]
[BlackTeam "Stetten U20"]
[WhiteTeamCountry "GER"]
[BlackTeamCountry "GER"]

1. e4 e6 2. d4 d5 3. e5 c5 4. c3 Nc6 5. Nf3 Bd7 6. Be2 f6 7. exf6 Nxf6 8. 0-0 Bd6 9. b3 0-0 10. Bb2 e5 11. dxe5 Nxe5 12. Nxe5 Bxe5 13. Bf3 Bc6 14. Re1 Bc7 15. Na3 Qd6 16. g3 Rae8 17. Qd3 a6 18. Nc2 Qd7 19. Ba3 Rxe1+ 20. Rxe1 b6 21. Ne3 Qf7 22. Re2 Rd8 23. Bb2 Bb5 24. Qc2 Bxe2 25. Qxe2 d4 26. cxd4 cxd4 27. Nc4 d3 28. Qd2 b5 29. Ne3 Bb6 30. Ng2 Qe7 31. Nf4 Ne4 32. Bxe4 Qxe4 33. Bc3 Bd4 34. Bxd4 Rxd4 35. a3 Rd6 36. b4 Qc4 37. Qe1 Kf7 38. Qd1 g6 39. Qf3 Qc1+ 40. Kg2 Kg7 41. Nxd3 Qc6 42. Qxc6 Rxc6 43. Nc5 Kf6 44. f4 Ke7 45. Kf3 a5 46. g4 a4 47. Ke4 Kd6 48. Nb7+ Ke7 49. Nc5 Rd6 50. Nd3 Re6+ 51. Ne5 Kd6 52. Kd4 Re7 53. Kd3 g5 54. Nf3 gxf4 0-1